000 00530nam a22001817a 4500
999 _c172305
_d172305
005 20200131123505.0
010 _aENG-127587
020 _a9789388322959
_c250.00
035 _aEN-111119
037 _bDBAD/PUB
082 _a000
245 _aHachette Children's Yearbook & Infopedia 2020/
260 _aGurugram
_bHachette India
_c2019
270 _bGurugram
_a4th & 5th floor , corporate centre, plot no-94,sector-44
_e122003
300 _a236p.
_b22 cm(pbk)
500 _a
942 _2ddc
_cEN
_h000
_mCHI